00315 a2200133 450000100060000002000220000604000240002810000190005224000330007124500280010430000090013236200090014165000310015047569 a978-85-260-2277-5 cAnchieta - Aquarius aFrança, Mary10aOs pingos em quadrinhoslpor10aOs pingos em quadrinhos a21p.0 a2016 4aLiteratura infanto-juvenil